000 00619nam a2200193Ia 4500
003 GCL
008 140319s9999 xx 000 0 ara d
040 _aGCL /
_cGCL
082 0 4 _a155.4
_bك س
100 1 _aعبدالعزيز القوصى
245 1 0 _aسبيلك الى الصحة /
_cعبدالعزيز القوصى
700 1 _aجالجر، ج روزويل
700 1 _aسعيد عبده (مترجم)
300 _a95 ص
490 _aسلسلة دراسات سيكولوجية
_v0
650 0 4 _aالاطفال - الامراض
650 0 4 _aالاطفال، العناية الصحية
942 _2ddc
_cBK
999 _c47157
_d47157